000 01526cam a2200361 i 4500
999 _c1412
_d1412
001 17679704
003 OSt
005 20221229115026.0
008 130330s2014 ilua j b 001 0 eng
010 _a 2013013103
020 _a9781432987558 (pb)
040 _aDLC
_beng
_cDLC
_erda
_dDLC
_dKH8
042 _apcc
082 0 0 _a612.3 HAR
_223
100 1 _aHartman, Eve.
_eauthor
245 1 0 _aDigestion and nutrition :
_bwhat happens to the food we eat? /
_cEve Hartman and Wendy Meshbesher.
264 1 _aChicago, Illinois :
_bCapstone Raintree,
_c[2014]
300 _a32 pages :
_bcolor illustrations ;
_c28 cm.
336 _atext
_2rdacontent
337 _aunmediated
_2rdamedia
338 _avolume
_2rdacarrier
490 0 _aShow me science
504 _aIncludes bibliographical references (page 31) and index.
505 0 _aOn your mark--get set -- The digestive system -- The mouth -- Esophagus and stomach -- The intestines -- Grass for food? -- Where does the food go? -- A balanced diet -- Protein foods -- Fruits and vegetables -- Dairy -- Sharing meals.
650 0 _aDigestion
_vJuvenile literature.
650 0 _aDigestive organs
_vJuvenile literature.
650 0 _aGastrointestinal system
_vJuvenile literature.
650 0 _aNutrition
_vJuvenile literature.
700 1 _aMeshbesher, Wendy.
_eauthor
906 _a7
_bcbc
_corignew
_d1
_eecip
_f20
_gy-gencatlg
942 _2ddc
_cNFIC